Bangladesh Immigration by Country - Statistics

General Stats
  • This quiz has been taken 1,388 times
  • The average score is 12 of 16
Answer Stats
# People Country of Origin % Correct
35,250 India
99%
166,646 China
94%
239, 742 Myanmar
91%
39,988 Nepal
87%
156,500 Indonesia
85%
34,266 United Kingdom
85%
47,103 United States
85%
10,799 Thailand
84%
208,406 Malaysia
83%
28,176 Vietnam
81%
90,253 Laos
79%
20,109 Cambodia
76%
14,090 Japan
73%
15,274 Brazil
37%
30,877 Bahrain
9%
14,651 Norway
9%
No matching quizzes found
Score Distribution
Percent of People with Each Score
Percentile by Number Answered
Your Score History
You have not taken this quiz